K metodice účtování finančního leasingu

Leasing a leasingová zmluva. Nájomné platené dopredu. Záloha a akontácia. Účtovanie o uzavretí leasingovej zmluvy. Účtovanie finančného leasingu. Prenajímateľ. Nájomca. Skončenie nájomnej zmluvy.

Enregistré dans:
Détails bibliographiques
Auteur principal: Müllerová, Libuše
Format: Chapitre de livre
Langue:tchèque
Sujets:
Tags: Ajouter un tag
Pas de tags, Soyez le premier à ajouter un tag!

MARC

LEADER 00000naa a2200000 4500
001 r018334
005 20221205103211.4
041 0 |a cze 
044 |a CZ 
245 1 0 |a K metodice účtování finančního leasingu  |c Libuše Müllerová 
520 |a Leasing a leasingová zmluva. Nájomné platené dopredu. Záloha a akontácia. Účtovanie o uzavretí leasingovej zmluvy. Účtovanie finančného leasingu. Prenajímateľ. Nájomca. Skončenie nájomnej zmluvy. 
610 2 0 |a lízing 
610 2 0 |a lízing finančný 
610 2 0 |a zmluvy 
610 2 0 |a nájomné 
610 2 0 |a účtovanie 
610 2 0 |a prenájom 
100 1 |a Müllerová, Libuše